000 00482nam a2200205 a 4500
001 3792507
005 20180130065946.0
008 840321s1983 miu 000 0 eng
010 _a 84138190
020 _a0310951607
040 _aDLC
_cDLC
_dDLC
041 _aeng
080 _a220.52 gra
082 0 0 _a220.52 gra
_219
100 _a24
101 _ateo
245 1 4 _aThe amplified Bible.
906 _a7
_bcbc
_corignew
_d2
_encip
_f19
_gy-gencatlg
942 _2ddc
_cBK
999 _c41280
_d41280